01006nam a2200265 a 4500001001000000003000900010005001700019008004100036040002500077082002400102100005000126245009400176250001200270260003400282300002100316490002900337500007300366504003200439600007700471650002400548650002700572700004000599710007800639830002300717000009134DO-SdBNP20250502073818.0090928s1985 dr r 001 p spa d aDO-SdBNPbspacBNPHU aRD861.3bU75p, 19851 aUreña de Henríquez, Salomé ,d1850-189710aPoesías completas /cSalomé Ureña Henríquez ; prólogo Jaime A. Viñas Román. a6a. ed. aSanto Domingo :bONAP,c1985. a350 p. ;c22 cm.1 aFeria del Librov2aONAP aIncluye referencias bibliográficas y notas al pie de las páginas aBibliografía : p. 341-34214aUREÑA HENRÍQUEZ, SALOMÉd1850 - 1897xCRÍTICA E INTERPRETACIÓN 0aPoesía dominicana 0aLiteratura dominicana.12aViñas Román, Jaime A.,epról.1 aRepública Dominicana.bOficina Nacional de Administración y Personal  0aFeria del Libron2